| 000 | 00475nam a2200193Ia 4500 | ||
|---|---|---|---|
| 005 | 20240823033621.0 | ||
| 008 | 240823s9999||||xx |||||||||||||| ||und|| | ||
| 020 | _a81-87721-02-4 | ||
| 041 | _aENGLISH | ||
| 082 | _A530 P1 | ||
| 100 | _aArumugam M | ||
| 245 | 0 | _aApplied Physics Physical Science Part- 1 | |
| 250 | _a1st | ||
| 260 |
_c2001 _bAnuradha Age _aKumbakonam |
||
| 500 | _aTRANSFERED | ||
| 650 |
_aApplies Physics _bPhysics |
||
| 942 | _cBK | ||
| 999 |
_c196250 _d196250 |
||